| 000 | 00907nam a2200229 4500 | ||
|---|---|---|---|
| 001 | 113969 | ||
| 003 | DR-UNIBE | ||
| 005 | 20250730062553.0 | ||
| 008 | 250729b2010 mx ||||| |||| 00| 0 spa d | ||
| 020 | _a9786074681635 | ||
| 040 |
_aBIBLIOTECA UNIBE _bspa _cBIBLIOTECA UNIBE _erda |
||
| 041 | _aspa | ||
| 082 |
_222 _a342.972 M611 2010 |
||
| 110 | 0 |
_aMéxico. Leyes, decretos, etc. _eautor _928826 |
|
| 245 | 1 | 0 | _aConstitución política de los Estados Unidos Mexicanos |
| 250 | _aCuarta edición | ||
| 260 |
_aMéxico: _bSuprema Corte de Justicia de la Nación, _c2010 |
||
| 300 |
_axv, 747 páginas : _c9 x 6 m |
||
| 505 | _aPresentación | Título Primero | Título Segundo | Título Tercero | Título Cuarto | Título Quinto | Título Sexto | Título Séptimo | Título Octavo | Título Noveno | Artículos transitorios | ||
| 651 | 7 |
_aMéxico _xConstitución _9197787 |
|
| 942 |
_2ddc _cBK |
||
| 999 |
_c113969 _d113969 |
||